[Event "Hull 4NCL op-C"]
[Site "Hull"]
[Date "2023.09.09"]
[Round "2"]
[White "Atkinson, Richard"]
[Black "Weldon, James"]
[Result "1/2-1/2"]
[WhiteElo "1556"]
[BlackElo "1469"]
[PlyCount "90"]
[EventDate "2023.09.08"]
[EventType "swiss"]
[EventRounds "5"]
[EventCountry "ENG"]
[SourceTitle "EXT 2024"]
[Source "ChessBase"]
[SourceDate "2023.10.10"]
[SourceVersion "1"]
[SourceVersionDate "2023.10.10"]
[SourceQuality "1"]

1. d4 e6 2. Bf4 Nf6 3. Nf3 d5 4. e3 Nh5 5. Be5 Nd7 6. Nbd2 Nxe5 7. Nxe5 g6 8. Bb5+ c6 9. Qf3 f6 10. Nxc6 bxc6 11. Bxc6+ Bd7 12. Bxa8 Qxa8 13. 0-0 Be7 14. a3 0-0 15. Rfc1 Qb8 16. b4 Bd6 17. g3 Qc7 18. e4 Bc6 19. c4 dxe4 20. Qe3 f5 21. d5 f4 22. Qxe4 Be5 23. dxc6 Nf6 24. Qe2 fxg3 25. fxg3 Bd4+ 26. Kh1 Qxc6+ 27. Qg2 Qd7 28. Ra2 Ng4 29. Nf3 Be3 30. Re1 Qc6 31. h3 Nf2+ 32. Rxf2 Bxf2 33. Qxf2 Rxf3 34. Qg2 h5 35. Kh2 g5 36. Rxe6 Qxe6 37. Qxf3 Qxc4 38. Qa8+ Kg7 39. Qxa7+ Kf6 40. Qb6+ Kg7 41. Qa7+ Kg8 42. Qb8+ Kf7 43. Qa7+ Kg8 44. Kg2 Qa2+ 45. Kf3 Qb3+ 1/2-1/2

[Event "Hull 4NCL op-C"]
[Site "Hull"]
[Date "2023.09.09"]
[Round "3"]
[White "Weldon, James"]
[Black "Scotter, John"]
[Result "1-0"]
[WhiteElo "1469"]
[BlackElo "1526"]
[PlyCount "75"]
[EventDate "2023.09.08"]
[EventType "swiss"]
[EventRounds "5"]
[EventCountry "ENG"]
[SourceTitle "EXT 2024"]
[Source "ChessBase"]
[SourceDate "2023.10.10"]
[SourceVersion "1"]
[SourceVersionDate "2023.10.10"]
[SourceQuality "1"]

1. e4 c5 2. Nf3 Nc6 3. Bb5 Nd4 4. Nxd4 cxd4 5. 0-0 e5 6. c3 a6 7. Bc4 Nf6 8. cxd4 b5 9. Bb3 d6 10. dxe5 dxe5 11. d3 Bb7 12. Nc3 Bd6 13. Be3 0-0 14. a3 Rc8 15. Ne2 h6 16. Ng3 Bc5 17. Qe2 Re8 18. Nh5 Bxe3 19. fxe3 Rc6 20. Nxf6+ Rxf6 21. Rxf6 gxf6 22. Rf1 Qb6 23. Rf3 Rc8 24. Qf1 Rc6 25. Bd5 Rd6 26. Bxb7 Qxb7 27. Rxf6 Qe7 28. Rxd6 Qxd6 29. Qe2 f6 30. h4 b4 31. axb4 Qxb4 32. Kf2 f5 33. Qc2 Kg7 34. Qc7+ Kg6 35. Qc6+ Kh5 36. Qe8+ Kg4 37. Qg6+ Kxh4 38. g3+ 1-0

[Event "Harrogate 4NCL op-C 29th"]
[Site "Harrogate"]
[Date "2023.01.21"]
[Round "3"]
[White "Weldon, James"]
[Black "Blower, Trevor R"]
[Result "0-1"]
[WhiteElo "1491"]
[BlackElo "1594"]
[PlyCount "109"]
[EventDate "2023.01.20"]
[EventType "swiss"]
[EventRounds "5"]
[EventCountry "ENG"]
[SourceTitle "CBM 212 Extra"]
[Source "ChessBase"]
[SourceDate "2023.03.31"]
[SourceVersion "1"]
[SourceVersionDate "2023.03.31"]
[SourceQuality "1"]

1. d4 f5 2. g3 Nf6 3. Bg2 g6 4. h4 c6 5. e3 Bg7 6. h5 d5 7. hxg6 hxg6 8. Rxh8+ Bxh8 9. Nf3 Ng4 10. Bh3 Nd7 11. Qd3 e5 12. Bxg4 e4 13. Qd1 fxg4 14. Nh2 Nf6 15. Qe2 Bf5 16. c4 Qd7 17. Nc3 0-0-0 18. Na4 Bg7 19. Bd2 dxc4 20. Ba5 Rh8 21. Nf1 Bf8 22. Bb6 Bb4+ 23. Kd1 Qd5 24. a3 Bd6 25. Nc3 Qf7 26. Bxa7 b5 27. Bb6 Nd7 28. Ba5 Kb7 29. Kc2 Ka6 30. Bb4 c5 31. dxc5 Bxc5 32. Rd1 Qe7 33. Nd5 Qf7 34. Qd2 Be6 35. Bxc5 Nxc5 36. Nb4+ Kb7 37. Qd6 Rc8 38. Rd2 c3 39. bxc3 Bb3+ 40. Kc1 Bc4 41. Nh2 Bd3 42. Qd5+ Qxd5 43. Nxd5 Nb3+ 44. Kd1 Nxd2 45. Kxd2 Rd8 46. Nb4 Bc4+ 47. Kc2 Be6 48. Nf1 Rf8 49. f4 exf3 50. e4 Bc4 51. Nd3 f2 52. e5 Rf3 53. Nxf2 Rxf2+ 54. Nd2 Kc6 55. Kc1 0-1

[Event "Harrogate 4NCL op-C 29th"]
[Site "Harrogate"]
[Date "2023.01.20"]
[Round "1"]
[White "Weldon, James"]
[Black "Meredith, Daniel"]
[Result "0-1"]
[WhiteElo "1491"]
[BlackElo "1659"]
[PlyCount "70"]
[EventDate "2023.01.20"]
[EventType "swiss"]
[EventRounds "5"]
[EventCountry "ENG"]
[SourceTitle "CBM 212 Extra"]
[Source "ChessBase"]
[SourceDate "2023.03.31"]
[SourceVersion "1"]
[SourceVersionDate "2023.03.31"]
[SourceQuality "1"]

1. d4 Nf6 2. g3 g6 3. Bg2 Bg7 4. e4 d6 5. h4 Nbd7 6. Be3 e5 7. d5 Nc5 8. Nc3 0-0 9. b4 Na6 10. Nf3 h5 11. Qd2 Kh7 12. a3 c6 13. Bg5 Qc7 14. Bh3 Bd7 15. Qe2 cxd5 16. Nxd5 Nxd5 17. c4 Nf6 18. Bxf6 Bxf6 19. Ng5+ Kg7 20. g4 Bxg4 21. Bxg4 hxg4 22. Rc1 Rh8 23. Qxg4 Qe7 24. Rg1 Bxg5 25. hxg5 Nc7 26. Rc3 Ne6 27. Rgg3 Rh5 28. Rh3 Rah8 29. b5 Rxh3 30. Rxh3 Rxh3 31. Qxh3 Qxg5 32. Qc3 Nd4 33. c5 Qg1+ 34. Kd2 Qxf2+ 35. Kc1 Ne2+ 0-1